000 00407nam a2200157 i 4500
001 85475
003 ES-MaACL
005 20230906175241.0
007 t|
008 041128s1972 sp ||||1| spa d
100 1 _aJurado Romero, Pedro.
_967329
245 1 0 _aSiempre /
_cPedro Jurado Romero.
260 _a[Sevilla :
_bECESA,
_c1972]
300 _a157 p. ;
_c20 cm.
852 _aES-MaACL
_jC-49436
_bR.84960
999 _c85475
_d85475